000 00479nam a2200181Ia 4500
008 090124s9999 xx 000 0 und d
082 _b25372
_a2718
100 _aजाधव टी. के.
245 _a पाऊलखुणा
250 _a1
260 _c1986
300 _a260
600 _aजाधव टी. के.
630 _a पाऊलखुणा
700 _aजाधव टी. के.
730 _a पाऊलखुणा
942 _cBOOK
999 _c138882
_d138882